000 00313nam a2200109Ia 4500
008 220204s9999 xx 000 0 und d
082 _a331.556.4
_bPIO
100 _aPIORE, M J
245 0 _aBirds of passage: Migrant labour and industrial societies
260 _aCambridge
_bCambridge Univ Press
_c1979
942 _cBK
999 _c33244
_d33244